000
00293nam a2200121Ia 4500
100
_a
Distefano/J.J(schaums series)
942
_c
BK
654
_a
feedback
245
_a
Feedback and control system SI(metric ) edition
260
_b
Schams
_a
New York
_c
1976
300
_a
371
546
_a
ENGLISH
999
_c
23833
_d
23833